DOPO IL SILENZIO-ESPERIENZE DI FEDE IN URSS (Record n. 107765)

Dettagli MARC
000 -LEADER
fixed length control field 01217agaaa2200289 4500
001 - CONTROL NUMBER
control field 0653
003 - CONTROL NUMBER IDENTIFIER
control field IT-RoPAU
005 - DATE AND TIME OF LATEST TRANSACTION
control field 20220918181301.0
007 - PHYSICAL DESCRIPTION FIXED FIELD--GENERAL INFORMATION
fixed length control field d cvaizq
008 - FIXED-LENGTH DATA ELEMENTS--GENERAL INFORMATION
fixed length control field 50131s9999||||xx ||| | || ||und||
040 ## - CATALOGING SOURCE
Original cataloging agency IT-RoPAU
Transcribing agency IT-RoPAU
041 ## - LANGUAGE CODE
Language code of text/sound track or separate title ITALIANO
100 ## - MAIN ENTRY--PERSONAL NAME
Personal name Pedrazzi Luigi
Miscellaneous information Codice regista SPICS: 32752
9 (RLIN) 53514
130 ## - MAIN ENTRY--UNIFORM TITLE
Uniform title DOPO IL SILENZIO-ESPERIENZE DI FEDE IN URSS
9 (RLIN) 53515
245 ## - TITLE STATEMENT
Title DOPO IL SILENZIO-ESPERIENZE DI FEDE IN URSS
Statement of responsibility, etc. Diretto da: Pedrazzi Luigi
Name of part/section of a work DOPO IL SILENZIO-ESPERIENZE DI FEDE IN URSS (Rif. Codice opera principale : 90653)
250 ## - EDITION STATEMENT
Edition statement Edizione Standard
260 ## - PUBLICATION, DISTRIBUTION, ETC. (IMPRINT)
Place of publication, distribution, etc. ROMA (ITALIA)
Name of publisher, distributor, etc. RAI - RADIO TELEVISIONE ITALIANA / Distribuzione: RAI
Date of manufacture "1990 (1° ed.: 1990 ; Ed. Lingua Orig.: 1990)"
300 ## - PHYSICAL DESCRIPTION
Extent VHS
Other physical details sonoro, col.
Dimensions 75 minuti
511 ## - PARTICIPANT OR PERFORMER NOTE
Participant or performer note "Collaborazione di; Antonella Cavazza"
520 ## - SUMMARY, ETC.
Summary, etc. ESPERIENZE DI FEDE IN UNIONE SOVIETICA
538 ## - SYSTEM DETAILS NOTE
System details note PAL, STEREO
546 ## - LANGUAGE NOTE
Language note ITALIANO
650 ## - SUBJECT ADDED ENTRY--TOPICAL TERM
Topical term or geographic name as entry element RELIGIOSO
Relator term TV-PROGRAMMI RELIGIOSI [VHS]
General subdivision Codice MATERIA SPICS: 9963
9 (RLIN) 53516
700 ## - ADDED ENTRY--PERSONAL NAME
Personal name Farina Piero
Relator term (regista)
Miscellaneous information Codice secondo regista SPICS: 32753
9 (RLIN) 53517
700 ## - ADDED ENTRY--PERSONAL NAME
Personal name Pedrazzi Luigi
Relator term (regista)
Miscellaneous information Codice regista SPICS: 32752
9 (RLIN) 53518
942 ## - ADDED ENTRY ELEMENTS (KOHA)
Koha item type VHS - VIDEO
Source of classification or shelving scheme Dewey Decimal Classification
Dati di copia
Withdrawn status Lost status Damaged status Not for loan Home library Current library Date acquired Total Checkouts Full call number Date last seen Price effective from Koha item type Public note
    Buone Condizioni Not For Loan SPICS-MEDIATECA SPICS-MEDIATECA 31/01/2015   90653 31/01/2015 31/01/2015 VHS - VIDEO Progr. Ins.: 2862 / N.Vol.:1 / Copie: 1 / Pag.:0 / Copia rara: n.d. / date import: 1.2.2015 / By Epidotti, Trombetti, Vaglietti
CREDITS: SOCIETA' SAN PAOLO Via A.Severo, 58 - ROMA (RM) & PERIODICI SAN PAOLO SRL Via Giotto, 36 MILANO & CISF Via Giotto, 36 MILANO & EDIZIONI SAN PAOLO SRL,  Piazza Soncino, 5 CINISELLO BALSAMO (MI) -- ITALY